000 00819nam a22002777a 4500
001 BR7300493
003 BR-BrBNA
005 20230928094330.0
007 ta
008 230509b bl.||||| |||| 00| 0 por d
040 _aBR-BrBNA
_bpor
_cBiblioteca Nacional de Agricultura
041 _a(Por)
072 _aE16; E71
_b2120
090 _ 2120 BR7300493
110 1 _aDepartamento Nacional do Cafe, Rio de Janeiro, GB (Brasil). Secao de Estatistica
_93393
245 1 _aO cafe segundo a producao exportavel, Estado de Sao Paulo, safra 1940-41
260 3 _aRio de Janeiro, GB (Brasil):
_c1942.
300 _a312 p.
500 _aNumerical data
650 _aCafe
650 _aEstatistica de Producao
650 _aExportacao
650 _aSao Paulo
909 _a202309
_bLucia
_c55
_dLucia Elande
942 _cBK
999 _c50119
_d50119